000 00896nam0a22002531 4500
001 rc\2812837
005 20250806210833.0
035 _a(NLR Aleph) 006938656
090 _a36527
_c36527
100 _a20110915d1944 u y0rusy50 ca
101 0 _arus
102 _aRU
105 _aa z |||||
200 1 _aПособие по уходу за двигателями, работающими на генераторном газе
_fИнж. П. Н. Змий
_gНар. ком. заг. СССР
210 _aМосква
_cЗаготиздат
_d1944
215 _a48 с., без тит. л.
_cчерт.
_d20 см.
700 1 _aЗмий
_bП.Н.
_gПавел Николаевич
801 0 _aRU
_bNLR
_gpsbo
801 1 _aRU
_bELAR
_2rusmarc
852 _aNLR
_jТ14 Г-4/152
942 _cBOOK
945 _aРоссийская национальная библиотека
980 _aNB
980 _aBV